Statistics for Guess the Country by the Flag

Click here to take the quiz!

General Stats

  • This quiz has been taken 24 times
  • The average score is 12 of 18

Answer Stats

Answer% Correct
US
100%
Russia
95%
Finland
90%
Netherlands
85%
Chile
75%
Serbia
70%
Thailand
70%
Costa Rica
65%
Fiji
65%
Ghana
65%
Bolivia
60%
Iran
60%
Guatemala
55%
Libya
55%
Venezuela
55%
Tonga
50%
Madagascar
45%
Marshall islands
45%

Score Distribution

Percentile by Number Answered

Percent of People with Each Score

Your Score History

You have not taken this quiz